[Event "Goiania Mega Modas Park op"]
[Site "Goiania"]
[Date "2023.04.07"]
[Round "1"]
[White "Goncalves de Sousa, Paulo"]
[Black "Soares Evangelista, Fabio"]
[Result "1-0"]
[WhiteElo "1739"]
[BlackElo "1531"]
[PlyCount "123"]
[EventDate "2023.04.07"]
[EventType "swiss"]
[EventRounds "6"]
[EventCountry "BRA"]
[SourceTitle "EXT 2024"]
[Source "ChessBase"]
[SourceDate "2023.10.10"]
[SourceVersion "1"]
[SourceVersionDate "2023.10.10"]
[SourceQuality "1"]

1. c4 Nf6 2. g3 e6 3. Bg2 c6 4. Nf3 d5 5. b3 Be7 6. Bb2 0-0 7. 0-0 Nbd7 8. Qc2 h6 9. Nc3 Nb6 10. d3 Nbd7 11. Rac1 Rb8 12. e3 b6 13. Ne5 Bb7 14. f4 c5 15. Nf3 Ng4 16. Qe2 Ngf6 17. e4 d4 18. Nd1 Re8 19. Nf2 Nf8 20. h3 a5 21. a4 Qc7 22. Ne5 N8d7 23. Neg4 Nxg4 24. Nxg4 Nf6 25. Nh2 Nd7 26. Rf2 Rbc8 27. Rcf1 Rf8 28. Bc1 Rce8 29. Kh1 Bd8 30. Rg1 Kh8 31. g4 Bh4 32. Rff1 f5 33. gxf5 exf5 34. e5 Bxg2+ 35. Qxg2 Rg8 36. Nf3 Bd8 37. h4 Nf8 38. h5 Qf7 39. Qh3 Ne6 40. Rf2 Nc7 41. Rfg2 Na6 42. Bd2 Nb4 43. Bxb4 axb4 44. Rg6 Re6 45. Rxe6 Qxe6 46. Rg6 Qf7 47. e6 Qe7 48. Qxf5 Rf8 49. Qg4 Bc7 50. f5 Rf6 51. Qe4 Rxg6 52. hxg6 Kg8 53. Qa8+ Bd8 54. Kg2 Kf8 55. Kg3 Qd6+ 56. Kg4 Ke7 57. Qd5 Bc7 58. Qxd6+ Bxd6 59. Nd2 Kf6 60. Ne4+ Ke7 61. f6+ gxf6 62. g7 1-0